Stratégia sociálno-ekonomického rozvoja /

Gespeichert in:
Bibliographische Detailangaben
Hauptverfasser: Vincúr, Pavol 1942- (VerfasserIn), Fifeková, Elena (VerfasserIn)
Format: Buch
Sprache:Slowakisch
Veröffentlicht: Bratislava : Sprint dva 2010
Ausgabe:[1. vyd.]
Schriftenreihe:Economics
Schlagworte:
ISBN:9788089393190
Online-Zugang: Volltext
Tags: Tag hinzufügen
Keine Tags, Fügen Sie den ersten Tag hinzu!

MARC

LEADER 00000nam a2200000 4500
003 SK-BrCVT
005 20220617223143.0
008 100511s2010 xo e ||||||slo d
020 |a 9788089393190 
035 |a CVTIDW0000312 
040 |b slo  |a CVTI SR  |e AACR2 
041 0 |a slo 
044 |a xo 
080 |a 33  |2 UDC-MRF 
080 |a 330.35  |2 UDC-MRF 
100 1 |a Vincúr, Pavol  |4 aut  |d 1942- 
245 1 0 |a Stratégia sociálno-ekonomického rozvoja /  |c Pavol Vincúr, Elena Fifeková 
250 |a [1. vyd.] 
260 |c 2010  |a Bratislava :  |b Sprint dva 
300 |a 188 s. :  |b grafy, lit., tab. ; 
490 0 |a Economics 
653 1 |a rast konkurencieschopnosti 
653 1 |a ekonomická teória 
653 1 |a znalostná ekonomika 
653 1 |a sociálna súdržnosť 
700 1 |a Fifeková, Elena  |4 aut 
910 |b A610938 
919 |a 978-80-89393-19-0 
974 |a jana.rakovicka  |f Knihy 
992 |a AMG 
999 |c 153659  |d 153659